000 00499nam a22001697a 4500
005 20251108164254.0
008 250721s1972 xx 000 0 ara d
082 1 4 _a351.1/محم
100 1 _aمحمد، محمد علي
245 1 0 _aالبيروقراطية الحديثة /
264 1 _aالإسكندرية :
_bدار المعرفة الجامعية،
_c1972.
300 _a319ص
650 1 7 _aالخدمة المدنية
650 1 7 _aالموظفون
942 _2ddc
_cBK
999 _c8030
_d8030